000 00997nam a22003017a 4500
003 DO-SdBPM
005 20260320085250.0
007 ta
008 161122b2007 ag a| 00| 0 spa d
020 _a9789870406174
040 _aDO-SdBPM
_bspa
_cBPMSU
_erda
082 0 4 _aA863.6
_bC112t 2011
_222
100 1 _aCabal, Graciela Beatriz
_d1939-2004
_eautor
_4aut.
245 1 0 _aTomasito cumple dos /
_cGraciela Beatriz Cabal ; ilustraciones Sandra Lavandeira
250 _a2a ed.
264 _aBuenos Aires, Argentina :
_bAguilar,
_c2011
300 _a37 páginas :
_bilustraciones ;
_c19 cm.
336 _atexto
_btxt
_2rdacontent
337 _asin mediación
_bn
_2rdamedia
338 _avolumen
_bnc
_2rdacarrier
490 0 _3Alfaguara infantil
590 _aInventariado, 2026/VM
650 7 _a Cuentos juveniles argentinos
650 7 _a Libros ilustrados para niños
700 1 _aLavandeira, Sandra,
_eilustración
910 _aVMateo V. Control de calidad. BPMSU
942 _2ddc
_cBK
999 _c12037
_d12037